000 01060nam a2200277 i 4500
001 bg
946 _c20,00
245 0 0 _aTabela stratygraficzna Polski :
_bKarpaty /
_cPaästwowy Instytut Geologiczny ; red. nauk. Ryszard Wagner ; aut. Andrzej Ber [et al.].
260 _aWarszawa :
_bPaństwowy Instytut Geologiczny,
_c2008.
300 _a1 tab. :
_bkolor ;
_cark. pap. 118x82 cm.
536 _aSfinansowano ze środków Narodowego Funduszu Ochrony Środowiska i Gospodarki Wodnej
651 9 _aGeologia historyczna
_zKarpaty
651 9 _aKarpaty
_xgeologia
_zPolska
655 _aMateriały pomocnicze dla szkół wyższych
700 1 _aRyszard Wagner.
_eRed.
700 1 _aBer, Andrzej.
710 2 _aPaństwowy Instytut Geologiczny.
020 _a9788375384260
040 _cBPK
041 0 _apol
044 _aPOL
080 _a551.7(234.372)(083)
920 _a978-83-7538-426-0
942 _cKS
008 090623s2008 pl a |000 0 pol
999 _c49824
_d49824
856 _uhttp://koha.tu.koszalin.pl/cgi-bin/koha/opac-detail.pl?biblionumber=49824
_yKatalog online BPK